000
00258nam a22001217a 4500
082
_a
150
_b
WIL/N
100
_a
WILLIAMSON,JUDITH
245
_a
NAPOLEON HILL
260
_a
USA
_b
JAICO PUBLISHING HOUSE
300
_a
150
650
_a
BIOGRAPHY
_z
USA
942
_c
BK
999
_c
5708
_d
5708